000 00432nam a22001697a 4500
003 LK-CoDNM
005 20240912125802.0
008 240912b |||||||| |||| 00| 0 eng d
040 _aLK-CoDNM
_dLK-CoDNM
_eLK-CoDNM
041 _aeng
080 _a6
_bM41
100 _aDe,siva,T.U
245 _aDecorate Sinhalese Art
260 _aThe Ceylon Daily News
_bColombo
_c1940
300 _avi , 29p. : ill , ill ; 27cm
942 _cBK
999 _c152046
_d152046